00424nam a2200157 a 450000100060000000300090000600800410001504000280005608200160008424500240010026000320012430000090015649000160016550000610018165000240024211350CO-ViMGA141112s2004 ck r 000 u spa d aCO-ViMGAbspacCO-ViMGA04a863.3 L19a110aLazarillo de Tormes aBarcelona : bNorma, c1994 a86 p aCara y cruz aEcuadernado con A propósito del Lazarillo de Tormes. 14aCUENTOS ESPAÑOLES